Putting the One minute manager to work (Record no. 1046)

MARC details
000 -LEADER
fixed length control field 00459nam a2200157Ia 4500
008 - FIXED-LENGTH DATA ELEMENTS--GENERAL INFORMATION
fixed length control field 230312s9999||||xx |||||||||||||| ||und||
020 ## - INTERNATIONAL STANDARD BOOK NUMBER
International Standard Book Number 0-425-10425-7
082 ## - DEWEY DECIMAL CLASSIFICATION NUMBER
Classification number 658.092
Item number BLA-P
100 ## - MAIN ENTRY--PERSONAL NAME
Personal name Kenneth Blanchard, Ph. D.
245 #0 - TITLE STATEMENT
Title Putting the One minute manager to work
260 ## - PUBLICATION, DISTRIBUTION, ETC.
Name of publisher, distributor, etc. BERKLEY BOOKS
Place of publication, distribution, etc. New York
Date of publication, distribution, etc. 1984
300 ## - PHYSICAL DESCRIPTION
Extent 110
546 ## - LANGUAGE NOTE
Language note Eng.
650 ## - SUBJECT ADDED ENTRY--TOPICAL TERM
Topical term or geographic name entry element Management
Form subdivision Question , One Minute manager , Managing Winners
942 ## - ADDED ENTRY ELEMENTS (KOHA)
Koha item type BOOK
Holdings
Withdrawn status Lost status Damaged status Not for loan Home library Current library Date acquired Total Checkouts Full call number Barcode Date last seen Price effective from Koha item type
        Superior Information Resource Center (SIRC) Superior University- Central Library Superior Information Resource Center (SIRC) Superior University- Central Library 03/13/2023   658.092 BLA-P 1056 03/13/2023 03/13/2023 BOOK

Powered by Koha